000 00342nam a2200133Ia 4500
005 20251222143302.0
008 251222s9999||||xx |||||||||||||| ||spa||
020 _a84-7509-423-6
082 _a372.86/B77/Ej.2
100 _aBoulch, Jean Le
245 0 _aLa Educación Psicomotriz en la Escuela Primaria:
264 _bPaidós
942 _cLIB
999 _c15365
_d15365